| 000 | 00503nam a2200205Ia 4500 | ||
|---|---|---|---|
| 003 | OSt | ||
| 005 | 20250805091611.0 | ||
| 008 | 250729s2005 xx 000 0 und d | ||
| 020 | _a978-8171413584 | ||
| 040 | _cAL | ||
| 041 | _aeng | ||
| 082 | _a371.2 TRIM | ||
| 100 |
_aTrivedi P R _9220850 |
||
| 245 | _aManagement education | ||
| 260 |
_aNew Delhi _bDiscovery Publishing House _c2005 |
||
| 300 | _a322p | ||
| 650 |
_aEducation _9220851 |
||
| 700 |
_aSudarshan K N _9220852 |
||
| 942 |
_2ddc _cBED |
||
| 999 |
_c234756 _d234756 |
||